Analysis II Serge Lang.
Saved in:
| Main Author: | |
|---|---|
| Format: | Book |
| Language: | English |
| Published: |
Reading, Mass. :
Addison-Wesley Pub. Co. ;
1969.
|
| Series: | Addison-Wesley series in mathematics
|
| Subjects: | |
| Tags: |
Add Tag
No Tags, Be the first to tag this record!
|
MARC
| LEADER | 00000nam a2200000 a 4500 | ||
|---|---|---|---|
| 001 | 1/127263 | ||
| 008 | 230913t1969####mau| ||| |||| ||eng|| | ||
| 040 | |a GR-MyUa |b gre |c GR-MyUa |e AACR2 | ||
| 041 | 0 | |a eng | |
| 082 | 7 | |a 515 |2 (23) | |
| 100 | 1 | |a Lang, Serge, |d 1927-2005. | |
| 245 | 1 | 0 | |a Analysis II / |b Serge Lang. |
| 260 | |a Reading, Mass. : |b Addison-Wesley Pub. Co. ; |c 1969. | ||
| 300 | |a xi, 476 σ. : |b εικ. ; |c 24 εκ. | ||
| 490 | 1 | |a (Addison-Wesley series in mathematics) | |
| 504 | |a Περιέχει βιβλιογραφικές αναφορές [σ 469-470]. | ||
| 650 | 0 | |a Mathematical analysis | |
| 830 | 0 | |a Addison-Wesley series in mathematics | |
| 852 | |a INST |b SAMOS |e 20230908 |h 515 LAN |p 005300047778 |q 005300047778 |t BK |y 0 | ||
| 970 | |a Γουβάλα |b Βάσω |z 13-09-2023 | ||